00253nam a2200121Ia 4500008004100000100001400041245002200055260001300077300000800090650001100098942000700109999001500116190216s9999||||xx |||||||||||||| ||und|| aRanjan. R 0aTransgenic Plants bAgrobios a108 aBotany cBK c1534d1534